000 nam a22 7a 4500
999 _c23804
_d23804
008 170127b xxu||||| |||| 00| 0 eng d
020 _a9780077523855
050 _aQH 308.2 .M33 2011
100 _aMader, Sylvia S.
245 _aSelect Material from:
_bConcepts of Biology/
_cSylvia S. Mader
250 _a2nd ed.
260 _aBoston:
_bMc Graw-Hill,
_c2011.
300 _axxii,819, (82)p.:
_bill.;
_c27cm.
521 _aIncludes bibliograhical reference and index.
650 _aBiology.
942 _2lcc
_cBOOKS
_hQH 308.2 .M33 2011